书目信息 |
| 题名: |
汤姆·索亚历险记
|
|
| 作者: | 马克·吐温 著 ;贾文浩 , 贾文渊 译 | |
| 分册: | ||
| 出版信息: | 北京 北京燕山出版社 2003 |
|
| 页数: | 151页 | |
| 开本: | 21cm | |
| 丛书名: | 世界文学文库 | |
| 单 册: | ||
| 中图分类: | I712.84 , I712.4 | |
| 科图分类: | ||
| 主题词: | 儿童文学--长篇小说--美国--近代 , 儿童文学 , 长篇小说 | |
| 电子资源: | ||
| ISBN: | 7-5402-1355-8 | |
| 000 | 01018oam2 2200325 450 | |
| 001 | 1539761106 | |
| 005 | 20150123110308.90 | |
| 010 | @a7-5402-1355-8@dCNY12.50 | |
| 100 | @a20040217d2003 cd y0chiy50 ea | |
| 101 | 1 | @achi@ceng |
| 102 | @aCN@b110000 | |
| 105 | @ay z 000ay | |
| 200 | 1 | @a汤姆·索亚历险记@9tang mu · suo ya li xian ji@f(美)马克·吐温著@g贾文浩,贾文渊译 |
| 210 | @a北京@c北京燕山出版社@d2003 | |
| 215 | @a151页@d21cm | |
| 225 | 2 | @a世界文学文库@e全译本 |
| 307 | @a附光盘:ISRC CN-A13-02-0052-0 汤姆历险记 | |
| 461 | 0 | @12001 @a世界文学文库 |
| 500 | 0 | @a汤姆·索亚历险记 |
| 510 | 1 | @aThe Adventures of Tom Sawyer@zeng |
| 606 | 0 | @a儿童文学@x长篇小说@y美国@z近代 |
| 606 | 0 | @a儿童文学 |
| 606 | 0 | @a长篇小说 |
| 690 | @aI712.84@v5 | |
| 690 | @aI712.4@v4 | |
| 701 | 0 | @c(美)@a马克·吐温@9ma ke · tu wen@c(Mark Twain@f1835~1910)@4著 |
| 702 | 0 | @a贾文浩@9jia wen hao@4译 |
| 702 | 0 | @a贾文渊@9jia wen yuan@4译 |
| 801 | 0 | @aCN@bTSSF@c20150123 |
| 905 | @aZUCC@dI712.4@eJY126 | |
| 汤姆·索亚历险记/(美)马克·吐温著/贾文浩,贾文渊译.-北京:北京燕山出版社,2003 |
| 151页;21cm.-(世界文学文库:全译本) |
| ISBN 7-5402-1355-8:CNY12.50 |
| ● |
| 相关链接 |
|
|
|
|
正题名:汤姆·索亚历险记
索取号:I712.4/JY126
 
预约/预借
| 序号 | 登录号 | 条形码 | 馆藏地/架位号 | 状态 | 备注 |
| 1 | 7843388 | 278433884 | 学院路分馆/ [索取号:I712.4/JY126] | 在馆 |